[Event "GER-ch Net qual2 U18"]
[Site "Playchess.com INT"]
[Date "2008.06.04"]
[Round "5"]
[White "Schaefer, Erik"]
[Black "Strunski, Andreas"]
[Result "1-0"]
[WhiteElo "2135"]
[BlackElo "2245"]
[PlyCount "189"]
[EventDate "2008.06.04"]
[EventType "swiss (blitz)"]
[EventRounds "7"]
[EventCountry "GER"]
[SourceTitle "CBM 124 Extra"]
[Source "ChessBase"]
[SourceDate "2008.07.03"]
[SourceVersion "1"]
[SourceVersionDate "2008.07.03"]
[SourceQuality "1"]

1. e4 c5 2. Nf3 e6 3. d4 cxd4 4. Nxd4 a6 5. Nc3 Qc7 6. Bd3 Nc6 7. Nb3 Bd6 8. h3 Nf6 9. 0-0 Bf4 10. Qe2 Bxc1 11. Raxc1 0-0 12. f4 d6 13. Rce1 Nb4 14. a3 Nxd3 15. cxd3 b5 16. Rc1 Qb6+ 17. Qf2 Qxf2+ 18. Rxf2 Bb7 19. Rfc2 Rfc8 20. Ne2 Kf8 21. Kf2 Ke7 22. Rc7+ Nd7 23. Rxb7 Rxc1 24. Nexc1 Kd8 25. Na5 Rc8 26. Ne2 Rc2 27. Ra7 Nc5 28. Ke3 Ke8 29. b4 Na4 30. Rxa6 Ra2 31. Rxd6 Rxa3 32. Nd4 Ke7 33. Rc6 Nb2 34. Nab3 Ra2 35. Rc2 Nd1+ 36. Kd2 Rxc2+ 37. Nxc2 Nb2 38. Ncd4 f5 39. Nxb5 fxe4 40. dxe4 Nc4+ 41. Kd3 Nb2+ 42. Kd4 Na4 43. Nc3 Nb6 44. b5 Kd6 45. e5+ Kc7 46. Na5 Nd7 47. Kc4 Nb6+ 48. Kb4 Nd7 49. Nc4 Kb7 50. Ne4 Kc7 51. Ned6 g6 52. b6+ Kc6 53. b7 h5 54. Na5+ Kb6 55. Nb3 Kc6 56. Nd4+ Kd5 57. Kc3 h4 58. Kd3 Nc5+ 59. Ke3 Nd7 60. Kf3 Kxd4 61. Nf7 Kd5 62. Ng5 Kc6 63. Nxe6 Kxb7 64. Ng5 Kc6 65. Kg4 Kd5 66. Kxh4 Nc5 67. Kg4 Nd3 68. h4 Nf2+ 69. Kf3 Nd3 70. e6 Kd6 71. g4 Ne1+ 72. Kf2 Nd3+ 73. Ke3 Ne1 74. h5 gxh5 75. gxh5 Ke7 76. Ke4 Ng2 77. Ke5 Nh4 78. f5 Kf8 79. f6 Ke8 80. e7 Ng2 81. Kf5 Ne3+ 82. Kg6 Nd5 83. Kg7 Nxf6 84. Kxf6 Kd7 85. Kf7 Kd6 86. e8Q Kd5 87. Qe2 Kc5 88. h6 Kd4 89. h7 Kc5 90. h8Q Kb4 91. Qd8 Kc3 92. Qdd3+ Kb4 93. Qec2 Ka5 94. Qdb3 Ka6 95. Qca2# 1-0

[Event "Dresden ZMD op"]
[Site "Dresden"]
[Date "2007.07.29"]
[Round "9"]
[White "Schaefer, Erik"]
[Black "Kotainy, Jens"]
[Result "1-0"]
[WhiteElo "2124"]
[BlackElo "2032"]
[PlyCount "89"]
[EventDate "2007.07.21"]
[EventType "swiss"]
[EventRounds "9"]
[EventCountry "GER"]
[SourceTitle "EXT 2008"]
[Source "ChessBase"]
[SourceDate "2007.11.25"]
[SourceVersion "1"]
[SourceVersionDate "2007.11.25"]
[SourceQuality "1"]

1. e4 Nf6 2. e5 Nd5 3. d4 d6 4. Nf3 Bg4 5. Bc4 e6 6. 0-0 Be7 7. h3 Bh5 8. Qe2 0-0 9. Nbd2 Nc6 10. c3 Bg6 11. Re1 dxe5 12. Nxe5 Nxe5 13. Qxe5 Bd6 14. Qe2 Nb6 15. Bb3 c5 16. dxc5 Bxc5 17. Ne4 Bxe4 18. Qxe4 Qf6 19. Be3 Bxe3 20. Rxe3 Rab8 21. Rd1 Rfd8 22. Red3 Rxd3 23. Qxd3 Qe7 24. a4 g6 25. a5 Nd5 26. Bxd5 exd5 27. Qxd5 Qe2 28. Qd2 Qb5 29. b4 b6 30. axb6 axb6 31. Qd3 Qa4 32. Re1 Rc8 33. Qd4 Qb3 34. Re3 b5 35. Qd7 Qc4 36. Qd3 Qc6 37. Qd4 Ra8 38. Re5 Re8 39. Rc5 Re1+ 40. Kh2 Qe8 41. Rd5 Qb8+ 42. g3 Re8 43. Qd3 Qa7 44. Kg2 Qa1 45. Rxb5 1-0

[Event "Dresden ZMD op"]
[Site "Dresden"]
[Date "2007.07.28"]
[Round "8"]
[White "Schuetze, Norman"]
[Black "Schaefer, Erik"]
[Result "1-0"]
[WhiteElo "2303"]
[BlackElo "2124"]
[PlyCount "129"]
[EventDate "2007.07.21"]
[EventType "swiss"]
[EventRounds "9"]
[EventCountry "GER"]
[SourceTitle "EXT 2008"]
[Source "ChessBase"]
[SourceDate "2007.11.25"]
[SourceVersion "1"]
[SourceVersionDate "2007.11.25"]
[SourceQuality "1"]

1. e4 c5 2. Nc3 Nc6 3. Nge2 e6 4. d4 cxd4 5. Nxd4 Qc7 6. Be3 a6 7. Qd2 Nf6 8. 0-0-0 b5 9. f3 Ne5 10. Qf2 Bb7 11. Nb3 Rc8 12. Bb6 Qb8 13. Na5 Bb4 14. Nxb7 Qxb7 15. Bd4 Nc4 16. Bxc4 Rxc4 17. Qg3 Bf8 18. Rhe1 b4 19. Na4 b3 20. axb3 Qxb3 21. Nc3 Qb4 22. Be5 Rc6 23. Rd4 Qc5 24. Red1 Be7 25. Bd6 Bxd6 26. Rxd6 0-0 27. Rxc6 Qxc6 28. Qd6 Rc8 29. Qxc6 dxc6 30. Na4 Kf8 31. Nc5 a5 32. c4 Ke7 33. Kc2 e5 34. Ra1 Rc7 35. Rxa5 Ne8 36. Nd3 f6 37. Kc3 g6 38. b4 Ng7 39. Nc5 Ne6 40. Nxe6 Kxe6 41. Ra6 Kd7 42. c5 h5 43. Kc4 Rb7 44. Ra8 Ke7 45. Rg8 Ke6 46. Rd8 Ke7 47. Rd6 Rc7 48. h4 Rc8 49. b5 cxb5+ 50. Kxb5 Rb8+ 51. Rb6 Rd8 52. Rb7+ Ke6 53. Rg7 Rd2 54. Rxg6 Rc2 55. g4 hxg4 56. fxg4 Kf7 57. h5 Rb2+ 58. Kc6 Rh2 59. g5 fxg5 60. Rxg5 Ke6 61. Rg6+ Kf7 62. Rd6 Rxh5 63. Kd7 Kf8 64. c6 Rh7+ 65. Kd8 1-0

[Event "Dresden ZMD op"]
[Site "Dresden"]
[Date "2007.07.25"]
[Round "5"]
[White "Schaefer, Erik"]
[Black "Turikov, Viktor"]
[Result "0-1"]
[WhiteElo "2124"]
[BlackElo "2340"]
[PlyCount "92"]
[EventDate "2007.07.21"]
[EventType "swiss"]
[EventRounds "9"]
[EventCountry "GER"]
[SourceTitle "EXT 2008"]
[Source "ChessBase"]
[SourceDate "2007.11.25"]
[SourceVersion "1"]
[SourceVersionDate "2007.11.25"]
[SourceQuality "1"]

1. e4 d6 2. d4 Nf6 3. Nc3 c6 4. f4 Qa5 5. Bd3 e5 6. Nf3 exd4 7. Nxd4 Be7 8. h3 0-0 9. Be3 Na6 10. Nb3 Qd8 11. 0-0 Nb4 12. Be2 a5 13. Qd2 a4 14. Nd4 d5 15. a3 Na6 16. exd5 Nxd5 17. Nxd5 cxd5 18. f5 Nc5 19. Bf3 Bf6 20. g4 h6 21. Rad1 Ne4 22. Qd3 Re8 23. Ne2 Qc7 24. Bxe4 dxe4 25. Qb5 Qc6 26. Qxc6 bxc6 27. Bd4 Ba6 28. Rfe1 Bxe2 29. Rxe2 Rad8 30. Red2 Bg5 31. Kf1 Bxd2 32. Rxd2 Rd5 33. Ke2 f6 34. Ke3 Kf7 35. Rf2 c5 36. Bc3 Rd1 37. Rf4 Rh1 38. Rxe4 Rxh3+ 39. Kf4 h5 40. Rxa4 h4 41. g5 Rhe3 42. g6+ Kf8 43. Kg4 h3 44. Bd2 h2 45. Bxe3 Rxe3 46. Ra8+ Re8 0-1

[Event "Dresden ZMD op"]
[Site "Dresden"]
[Date "2007.07.24"]
[Round "4"]
[White "Mueller, Philipp"]
[Black "Schaefer, Erik"]
[Result "0-1"]
[WhiteElo "1958"]
[BlackElo "2124"]
[PlyCount "108"]
[EventDate "2007.07.21"]
[EventType "swiss"]
[EventRounds "9"]
[EventCountry "GER"]
[SourceTitle "EXT 2008"]
[Source "ChessBase"]
[SourceDate "2007.11.25"]
[SourceVersion "1"]
[SourceVersionDate "2007.11.25"]
[SourceQuality "1"]

1. d4 Nf6 2. c4 g6 3. Nc3 Bg7 4. e4 d6 5. Nf3 0-0 6. Be2 a5 7. Bg5 h6 8. Bh4 Qe8 9. e5 dxe5 10. dxe5 Ng4 11. Nd5 Na6 12. Bxe7 Nxe5 13. 0-0 Bf5 14. Bxf8 Qxf8 15. Nd4 Bd7 16. Qc2 Qc5 17. Nb3 Qf8 18. Nd4 Rd8 19. Rad1 Bc8 20. a3 b6 21. Rfe1 h5 22. Ne3 Re8 23. Nf3 Nd7 24. Nd5 c6 25. Ne3 Ndc5 26. Bf1 Ne4 27. Nd2 Nec5 28. Rb1 Ne6 29. Nf3 Nec5 30. b4 axb4 31. axb4 Ne4 32. Bd3 Nc3 33. Rb3 Nxb4 34. Rxb4 Qxb4 35. Nd2 Qd6 36. Ne4 Nxe4 37. Bxe4 f5 38. c5 bxc5 39. Rd1 Bd4 40. Bd3 Kg7 41. Nc4 Qf6 42. Nd2 h4 43. Nf3 g5 44. Nxd4 cxd4 45. Ra1 g4 46. Qc5 Re7 47. Ra8 Bd7 48. Qb6 Be8 49. Rd8 c5 50. Qb8 Re1+ 51. Bf1 Qa6 52. Qc7+ Bf7 53. Rg8+ Kxg8 54. Qd8+ Kg7 0-1

[Event "Dresden ZMD op"]
[Site "Dresden"]
[Date "2007.07.23"]
[Round "3"]
[White "Schaefer, Erik"]
[Black "Schmidt, Georg"]
[Result "0-1"]
[WhiteElo "2124"]
[BlackElo "2401"]
[PlyCount "86"]
[EventDate "2007.07.21"]
[EventType "swiss"]
[EventRounds "9"]
[EventCountry "GER"]
[SourceTitle "EXT 2008"]
[Source "ChessBase"]
[SourceDate "2007.11.25"]
[SourceVersion "1"]
[SourceVersionDate "2007.11.25"]
[SourceQuality "1"]

1. e4 e6 2. d4 d5 3. Nd2 Nf6 4. e5 Nfd7 5. c3 c5 6. Bd3 Nc6 7. Ne2 cxd4 8. cxd4 f6 9. exf6 Qxf6 10. Nf3 h6 11. 0-0 Bd6 12. Ng3 0-0 13. Nh5 Qe7 14. Re1 Qf7 15. Ng3 e5 16. dxe5 Ndxe5 17. Be2 Be6 18. Rf1 Nxf3+ 19. Bxf3 Rad8 20. Bd2 Bf4 21. Rc1 Ne5 22. Bxf4 Qxf4 23. Be2 d4 24. Bd3 Kh8 25. b3 Qh4 26. f3 Qf4 27. Re1 Qxc1 28. Qxc1 Nxd3 29. Qd2 Nxe1 30. Qxe1 d3 31. Qd2 Rf7 32. Nf1 Bf5 33. g4 Bh7 34. f4 Rd4 35. Ne3 Rdxf4 36. Kg2 Be4+ 37. Kg1 Rf3 38. a4 Rf8 39. a5 Rd8 40. Nf1 Rf7 41. h4 Rf3 42. g5 Rdf8 43. Ne3 Rh3 0-1

[Event "GER-ch internet U18 qual 04"]
[Site "Playchess.com INT"]
[Date "2007.06.13"]
[Round "1"]
[White "Lubbe, Nikolas"]
[Black "Schaefer, Erik"]
[Result "1/2-1/2"]
[WhiteElo "2243"]
[BlackElo "2124"]
[PlyCount "162"]
[EventDate "2007.06.13"]
[EventType "swiss (blitz)"]
[EventRounds "7"]
[EventCountry "GER"]
[SourceTitle "EXT 2009"]
[Source "ChessBase"]
[SourceDate "2008.11.26"]
[SourceVersion "1"]
[SourceVersionDate "2008.11.26"]
[SourceQuality "1"]

1. e4 c5 2. Nf3 e6 3. d4 cxd4 4. Nxd4 Nc6 5. Nc3 Qc7 6. Be3 a6 7. Bd3 Nf6 8. 0-0 Ne5 9. Kh1 Neg4 10. g3 Nxe3 11. fxe3 Be7 12. Nf3 d6 13. Qe2 0-0 14. Rad1 b5 15. a3 Bb7 16. Kg1 d5 17. exd5 Nxd5 18. Nxd5 Bxd5 19. e4 Bb7 20. e5 Bc5+ 21. Kg2 Rad8 22. Be4 Bxe4 23. Qxe4 Rxd1 24. Rxd1 h6 25. Qd3 Rc8 26. c3 Bb6 27. Qd6 Rd8 28. Qxd8+ Qxd8 29. Rxd8+ Bxd8 30. Nd4 Kf8 31. Kf3 Ke8 32. Ke4 Kd7 33. Nb3 Bb6 34. Nd2 Bg1 35. Nf3 Bb6 36. Nd4 Ba7 37. Ne2 Kc6 38. h3 a5 39. Nf4 Kc5 40. b3 Kc6 41. Nd3 Bb6 42. g4 a4 43. b4 Bg1 44. Nb2 Bb6 45. c4 bxc4 46. Nxa4 Bc7 47. Kd4 Kb5 48. Nc3+ Kc6 49. a4 f6 50. exf6 gxf6 51. Ne4 f5 52. gxf5 exf5 53. Nd2 c3 54. Kxc3 Kd5 55. a5 h5 56. Kd3 Bd6 57. b5 Kc5 58. b6 Kb5 59. Nc4 Bb8 60. Kd4 h4 61. Kd3 Bg3 62. Ke3 Bb8 63. Kd4 f4 64. Ke4 Ka6 65. Kf3 Kb5 66. Kg4 Ka6 67. Kxh4 f3 68. Kg4 f2 69. Ne3 Kxa5 70. Kf3 Kxb6 71. Kxf2 Kc6 72. Kf3 Kd7 73. Kg4 Ke6 74. Kg5 Kf7 75. Nf5 Kg8 76. Kg6 Kh8 77. h4 Bf4 78. h5 Bc1 79. Nd6 Kg8 80. Nf7 Bd2 81. Ng5 Bxg5 1/2-1/2